All Valorant Vandals - Statistics

General Stats
  • This quiz has been taken 135 times
    131 since last reset
  • The average score is 17 of 34
Answer Stats
Rarity Skins % Correct
Premium Prime
86%
Premium Reaver
82%
Exclusive Prelude to Chaos
77%
Exclusive RGX 11z Pro
74%
Exclusive Kuronami
73%
Premium Oni
62%
Exclusive Araxys
61%
Premium Forsaken
61%
Exclusive Champions 2021
58%
Exclusive Champions 2023
56%
Premium Ion
56%
Premium Neptune
56%
Exclusive Primordium
55%
Ultra Elderflame
53%
Exclusive Glitchpop
52%
Exclusive Singularity
52%
Premium XERØFANG
52%
Premium Gaia's Vengeance
48%
Premium Magepunk
47%
Exclusive ChronoVoid
44%
Premium Aemondir
42%
Ultra Evori Dreamwings
42%
Premium Origin
42%
Premium Valiant Hero
41%
Exclusive Arcane
39%
Premium Cryostasis
39%
Exclusive Overdrive
39%
Exclusive Sentinels of Light
39%
Exclusive Imperium
38%
Premium Black.Market
27%
Premium VALORANT GO! Vol. 2
26%
Premium Ego
23%
Premium Crimsonbeast
20%
Premium Teathered Realms
18%
No matching quizzes found
Score Distribution
Percent of People with Each Score
Percentile by Number Answered
Your Score History
You have not taken this quiz since the last reset